00213nam a2200085Ia 4500001000800000005001700008008004100025245003200066260002900098125043420251031150856.0251031s9999 xx 000 0 und d 0cJOSE SARAMAGOaG-1 MAĞARA bKIRMIZI KEDİ YAYINLARI